000 00724nam a2200241 i 4500
001 108029
003 ES-MaACL
005 20230906184543.0
007 t|
008 070111s1953 sp cf |||| | cat d
080 _a821.111(73)-31"18"
100 1 _aTwain, Mark.
_9111791
245 1 4 _aLes aventures de Tom Sawyer /
_cMark Twain ; traducció de Josep Carner.
250 _a2ª ed.
260 _aBarcelona :
_bSelecta,
_c1953.
300 _a249 p., 1 h. de lám. ;
_c14 cm.
490 1 _aBiblioteca selecta universal ;
_v10
599 _aLám.: retr. del autor.
700 1 _aCarner, Josep.
_935366
830 0 _aBiblioteca selecta universal ;
_v10
_9185512
852 _aES-MaACL
_jE-3884
999 _c108029
_d108029